01705nam a22003377a 450000500170000000800410001702000180005802000150007604000130009108200200010410000280012424501460015225000120029826000980031030000350040849000890044350000250053250000240055750400410058165000290062265000240065165300240067565500240069970000460072394200200076999900170078995201350080695201500094195201350109195201410122620201128021114.0141028t2006 xxua frb 001 0 eng d a9780131482128 a0131482122 aEG-ScBUE00222a660.29bWIL1 aWilkes, James O.93635210aFluid mechanics for chemical engineers with Microfluidics and CFD /cJames O. Wilkes ; with contributions by Stacy G. Birmingham ... [et al.] a2nd ed. aUpper Saddle River, United States :bPrentice Hall Professional Technical Reference,cc.2006. axvii, 755 p. :bill. ;c24 cm.0 aPrentice-Hall international series in the physical and chemical engineering sciences aIncludes appendixes. aIndex : p. 753-752. aIncludes bibliographical references. 0aChemical processes95532 09878aFluid dynamics bENGCHEcOctober2014 vreading book9342321 aBirmingham, Stacy G.econtributor.936361 2ddck660.29 WIL c18513d18485 00102ddc40708BaccahaMAINbMAINc1STd2014-10-28epurchaseg890.00l0o660.29 WILp000036850r2025-07-15 00:00:00v1112.50yBB 00102ddc40708BaccahaMAINbMAINc1STd2014-10-28epurchaseg890.00l1m2o660.29 WILp000036851r2025-07-15 00:00:00s2018-09-26v1112.50yBB 00102ddc40708BaccahaMAINbMAINc1STd2014-10-28epurchaseg890.00l0o660.29 WILp000036852r2025-07-15 00:00:00v1112.50yBB 00102ddc40708BaccahaMAINbMAINc1STd2018-05-07ePurchaseg563.00h21201l0o660.29 WILp000047709r2025-07-15 00:00:00v704.00yBB